000 00681nam a2200217 i 4500
001 149297
003 ES-MaACL
005 20250809062557.0
007 t|
008 071019s1920 it ||||1| ita d
100 1 _aVanni, Icilio.
_9113076
245 1 0 _aLezioni di filosofia del diritto /
_cIcilio Vanni ; con appendice bibliografica a cura de Widar Cesarini-Sforza.
250 _a4ª ed.
260 _aBologna :
_bN. Zanichelli,
_c1920 (
_fStab. Poligr. Riuniti)
300 _aXX, 397 p. ;
_c23 cm.
500 _aCon retr.
650 4 _aDerecho-
_xFilosofía
_911620
700 1 _aCesarini-Sforza, Widar.
_937678
852 _aES-MaACL
_jF-9659
999 _c149297
_d149297